000 00473nam a2200181Ia 4500
005 20250508162530.0
008 008 250505s9999 xx 000 0 hin d
037 _aTextual
040 _aFEDL
_beng
_cFEDL
041 _ahin
_2hin
084 _aFH, GOS
_qFEDL
100 _aGoswami Srawan Kumar
_9773374
245 0 _aRahu ketu
260 _aDelhi, India
_bRajpal and Sons
_c1984
300 _a236p.
942 _cTEXL
_hFH, GOS
999 _c1377132
_d1377132